000 00396nam a2200169 i 4500
001 bg
100 1 _aKAESCHE, H.
245 0 _aDie Korrosion der Metalle /
_cH. Kaesche.
260 _aBerlin :
_bSpringer Verlag,
_c1979.
020 _a3540088814
040 _cBPK
041 _apol
080 _a620.1
920 _a3-540-08881-4
942 _cKS
008 s pl f |000 0 pol
999 _c19260
_d19260
856 _uhttp://koha.tu.koszalin.pl/cgi-bin/koha/opac-detail.pl?biblionumber=19260
_yKatalog online BPK